000 00260nam a22001217a 4500
020 _a0-7214-1571-7
082 _a823
_bHUN/R
100 _aHUNIA FRAN
245 _aBILLY GOATS GRUFF
260 _aUK
_bLADY BIRD
650 _aENGLISH SHORT STORY
_zUK
942 _cBK
999 _c2101
_d2101